MARC

LEADER 00000nas a2200000 a 4500
001 ssj0000911714
003 WaSeSS
005 20200512172242.0
006 m d
007 cr n
008 070925c20069999pk qr p s | 0eng
010 |a  2007379809 
035 |a (WaSeSS)ssj0000911714 
040 |a DLC  |b eng  |c DLC  |d DLC  |d OCLCF  |d OCLCO  |d OCL  |d OCLCO  |d OCLCA  |d WaSeSS 
042 |a pcc 
043 |a a-pk--- 
050 0 0 |a DS376  |b .C675 
130 0 |a Criterion (Islāmābād, Pakistan) 
245 1 0 |a Criterion  |h [electronic resource]. 
246 1 3 |a Criterion quarterly 
260 |a Islamabad :  |b S. Iftikhar Murshed,  |c 2006- 
310 |a Quarterly 
362 0 |a Vol. 1, no. 1 (Oct./Dec. 2006)- 
500 |a Title from cover. 
506 |a License restrictions may limit access. 
588 |a Latest issue consulted: Vol. 5, no. 4 (Oct./Dec. 2010). 
650 0 |a Islam and state  |v Periodicals. 
650 0 |a Education  |z Pakistan  |v Periodicals. 
650 0 |a Security, International  |v Periodicals. 
650 7 |a Education.  |2 fast  |0 (OCoLC)fst00902499 
650 7 |a Islam and state.  |2 fast  |0 (OCoLC)fst00979890 
650 7 |a Politics and government  |2 fast  |0 (OCoLC)fst01919741 
650 7 |a Security, International.  |2 fast  |0 (OCoLC)fst01110895 
651 0 |a Pakistan  |x Politics and government  |v Periodicals. 
651 7 |a Pakistan.  |2 fast  |0 (OCoLC)fst01210275 
655 0 |a Electronic journals. 
850 |a DLC 
856 4 0 |z Full text available from Research Library: 10/01/2010 to 04/30/2011  |u https://search.proquest.com/publication/616546